000 00850cam a22002771 4500
001 6770
003 BD-RjUL
005 20211208234318.0
008 140112s19471951nyua b 001 0 eng
035 _a(BD-RjUL)6812
035 _a(OCoLC)1157101
040 _aDLC
_cVtMiM
_dOCoLC
_dCoU-M
_dDLC
_dBD-RjUL
_beng
041 _aeng
082 _a519.5
_bKEM 1965
_223
100 1 _aKenney, John F.
_q(John Francis),
_d1897-
_921290
245 1 0 _aMathematics of statistics /
_cJohn F Kenney
250 _a2d ed.
260 _aNew York :
_bVan Nostrand,
_cc1951 [Printing 1965, Reprinted 1963].
300 _axiii, 429 p. :
_bill. ;
_c23 cm.
504 _aIncludes bibliographies and index.
505 0 _aPt. 2--
650 0 _aMathematical statistics.
_921291
700 1 _aKeeping, E. S.
_ejoint author.
_921292
942 _2ddc
_cBK
999 _c6770
_d6770